Por otra comunicación: los media, globalización cultural y poder

Furkejuvvon:
Bibliográfalaš dieđut
Váldodahkki: Moraes, Denis de (autor)
Materiálatiipa: Girji
Giella:espánnjágiella
Almmustuhtton: Barcelona Icaria 2005
Preanttus:1a. ed
Ráidu:Encuentro
Fáttát:
Fáddágilkorat: Lasit fáddágilkoriid
Eai fáddágilkorat, Lasit vuosttaš fáddágilkora!

MARC

LEADER 00000nam a2200000 a 4500
001 UCI9717
003 CL-VaPUC
008 081204e20050000SP |||||||||||||||||spa|d
020 |a 8474267994 
082 0 4 |a 302.3  |b MOR  |2 21 
100 |a Moraes, Denis de  |e autor  |9 566320 
245 1 0 |a Por otra comunicación: los media, globalización cultural y poder 
250 |a 1a. ed 
300 |a 331 p 
942 |c BK 
945 |d 20081204 00:00:00  |a rbrito 
260 |a Barcelona  |b Icaria  |c 2005 
650 0 |a Comunicación   |9 257251 
650 0 |a Medios de comunicación de masas  |9 257273 
650 0 |a Globalización  |9 361930 
650 0 |a Cultura  |9 269059 
650 0 |a Internet   |9 254823 
583 |a last modification  |c 20081204 00:00:00  |k Rodrigo Vera 
490 0 |a Encuentro 
999 |c 332199  |d 332197 
952 |0 0  |1 0  |4 0  |6 302_300000000000000_MOR_2005  |7 0  |8 A  |9 419678  |a BIBCUR  |b BIBCUR  |d 2019-11-22  |i 4502817  |l 1  |o 302.3 MOR 2005  |p 4502817  |r 2025-04-22  |s 2023-05-24  |w 2019-11-22  |y BK  |k PER